Từ điển địa danh văn hóa và thắng cảnh Việt Nam
Na minha lista:
| Autor principal: | |
|---|---|
| Formato: | Livro |
| Publicado em: |
Hà Nội
Khoa học xã hội
2004
|
| Assuntos: | |
| Tags: |
Adicionar Tag
Sem tags, seja o primeiro a adicionar uma tag!
|
| Thư viện lưu trữ: | Trung tâm Học liệu Lê Vũ Hùng, Trường Đại học Đồng Tháp |
|---|
| LEADER | 00779pam a22002418a 4500 | ||
|---|---|---|---|
| 001 | 00039341 | ||
| 005 | 20171026081025.0 | ||
| 008 | 170518s2004 ||||||Viesd | ||
| 041 | 0 | # | |a Vie |
| 082 | 1 | 4 | |a 915.97 |b T550Đ |
| 100 | 1 | # | |a Nguyễn, Như Ý |
| 245 | 1 | 0 | |a Từ điển địa danh văn hóa và thắng cảnh Việt Nam |c Nguyễn Như Ý |
| 260 | # | # | |a Hà Nội |b Khoa học xã hội |c 2004 |
| 300 | # | # | |a 1224 tr. |c 24cm |
| 653 | # | # | |a Từ điển |
| 653 | # | # | |a Địa danh |
| 653 | # | # | |a Văn hóa |
| 852 | # | # | |b Kho mượn |j KM.0021995 |
| 852 | # | # | |b Kho đọc |j KD.0021403 |
| 852 | # | # | |j KD.0021403 |j KM.0021995 |
| 910 | |d 18/05/2017 | ||
| 980 | # | # | |a Trung tâm Học liệu Lê Vũ Hùng, Trường Đại học Đồng Tháp |